<?xml version="1.0" encoding="UTF-8"?>
<record
    xmlns:xsi="http://www.w3.org/2001/XMLSchema-instance"
    xsi:schemaLocation="http://www.loc.gov/MARC21/slim http://www.loc.gov/standards/marcxml/schema/MARC21slim.xsd"
    xmlns="http://www.loc.gov/MARC21/slim">

  <leader>01974cgm a22004457a 4500</leader>
  <controlfield tag="005">20140312103156.0</controlfield>
  <controlfield tag="007">vd cgaizm</controlfield>
  <controlfield tag="008">140311t2006    xx 137 e ||||  0| vleng d</controlfield>
  <datafield tag="020" ind1=" " ind2=" ">
    <subfield code="a">7321902117621</subfield>
  </datafield>
  <datafield tag="041" ind1="1" ind2=" ">
    <subfield code="a">eng</subfield>
    <subfield code="a">ita</subfield>
  </datafield>
  <datafield tag="082" ind1="0" ind2="4">
    <subfield code="2">22</subfield>
    <subfield code="a">791.4372</subfield>
    <subfield code="b">BLO</subfield>
  </datafield>
  <datafield tag="245" ind1="0" ind2="0">
    <subfield code="a">Blood diamond</subfield>
    <subfield code="h">[videorecording] /</subfield>
    <subfield code="c">Warner Bros. Pictures, Virtual Studios, a Spring Creek / Bedford Falls production, Initial Entertainment Group, an Edward Zwick film ; produced by Paula Weinstein, Edward Zwick, Marshall Herskovitz, Graham King, Gillian Gorfil ; story by Charles Leavitt and C. Gaby Mitchell ; screenplay by Charles Leavitt ; directed by Edward Zwick.</subfield>
  </datafield>
  <datafield tag="250" ind1=" " ind2=" ">
    <subfield code="a">2.40 Widescreen.</subfield>
  </datafield>
  <datafield tag="260" ind1=" " ind2=" ">
    <subfield code="a">[S. l.] :</subfield>
    <subfield code="b">Lonely Film Productions,</subfield>
    <subfield code="c">c.2006.</subfield>
  </datafield>
  <datafield tag="300" ind1=" " ind2=" ">
    <subfield code="a">1 videodisc (137 min.) :</subfield>
    <subfield code="b">sd., col. ;</subfield>
    <subfield code="c">4 3/4 in.</subfield>
  </datafield>
  <datafield tag="508" ind1=" " ind2=" ">
    <subfield code="a">Director of photography Eduardo Serra ; edited by Steven Rosenblum ; music by James Newton Howard.</subfield>
  </datafield>
  <datafield tag="511" ind1=" " ind2=" ">
    <subfield code="a">Leonardo DiCaprio, Jennifer Connelly, Djimon Hounsou.</subfield>
  </datafield>
  <datafield tag="521" ind1=" " ind2=" ">
    <subfield code="a">Suitable only for persons of 15 years and over .
</subfield>
  </datafield>
  <datafield tag="546" ind1=" " ind2=" ">
    <subfield code="a">In English and Italian.</subfield>
  </datafield>
  <datafield tag="650" ind1=" " ind2="0">
    <subfield code="a">Conflict diamonds</subfield>
    <subfield code="v">Drama</subfield>
    <subfield code="9">35546</subfield>
  </datafield>
  <datafield tag="653" ind1=" " ind2=" ">
    <subfield code="b">GGEN</subfield>
    <subfield code="c">March2014</subfield>
  </datafield>
  <datafield tag="700" ind1="1" ind2=" ">
    <subfield code="a">DiCaprio, Leonardo,</subfield>
    <subfield code="9">35271</subfield>
    <subfield code="d">1974-</subfield>
  </datafield>
  <datafield tag="700" ind1="1" ind2=" ">
    <subfield code="a">Connelly, Jennifer,</subfield>
    <subfield code="9">35548</subfield>
    <subfield code="d">1970-</subfield>
  </datafield>
  <datafield tag="700" ind1="1" ind2=" ">
    <subfield code="a">Hounsou, Djimon,</subfield>
    <subfield code="9">35549</subfield>
    <subfield code="d">1964-</subfield>
  </datafield>
  <datafield tag="700" ind1="1" ind2=" ">
    <subfield code="a">Howard, James Newton,</subfield>
    <subfield code="9">35550</subfield>
    <subfield code="d">1951-</subfield>
  </datafield>
  <datafield tag="700" ind1="1" ind2=" ">
    <subfield code="a"> Rosenblum, Steven</subfield>
    <subfield code="9">35250</subfield>
  </datafield>
  <datafield tag="700" ind1="1" ind2=" ">
    <subfield code="a">Serra, Eduardo,</subfield>
    <subfield code="9">35551</subfield>
    <subfield code="d">1943-</subfield>
  </datafield>
  <datafield tag="700" ind1="1" ind2=" ">
    <subfield code="a">Zwick, Edward,</subfield>
    <subfield code="9">35535</subfield>
    <subfield code="d">1952-</subfield>
  </datafield>
  <datafield tag="700" ind1="1" ind2=" ">
    <subfield code="a">Leavitt, Charles</subfield>
    <subfield code="9">35552</subfield>
  </datafield>
  <datafield tag="700" ind1="1" ind2=" ">
    <subfield code="a">Mitchell, C. Gaby</subfield>
    <subfield code="9">35553</subfield>
  </datafield>
  <datafield tag="700" ind1="1" ind2=" ">
    <subfield code="a">Gorfil, Gillian</subfield>
    <subfield code="9">35558</subfield>
  </datafield>
  <datafield tag="700" ind1="1" ind2=" ">
    <subfield code="a">King, Graham,</subfield>
    <subfield code="9">35559</subfield>
  </datafield>
  <datafield tag="700" ind1="1" ind2=" ">
    <subfield code="a">Herskovitz, Marshall,</subfield>
    <subfield code="9">35538</subfield>
    <subfield code="d">1952-</subfield>
  </datafield>
  <datafield tag="700" ind1="1" ind2=" ">
    <subfield code="a">Zwick, Edward,</subfield>
    <subfield code="9">35535</subfield>
    <subfield code="d">1952-</subfield>
  </datafield>
  <datafield tag="700" ind1="1" ind2=" ">
    <subfield code="a">Weinstein, Paula</subfield>
    <subfield code="9">35563</subfield>
  </datafield>
  <datafield tag="710" ind1="2" ind2=" ">
    <subfield code="a">Initial Entertainment Group</subfield>
    <subfield code="9">35564</subfield>
  </datafield>
  <datafield tag="710" ind1="2" ind2=" ">
    <subfield code="9">35452</subfield>
    <subfield code="a">Virtual Studios</subfield>
  </datafield>
  <datafield tag="710" ind1="2" ind2=" ">
    <subfield code="9">35255</subfield>
    <subfield code="a">Warner Bros. Pictures (1969- )</subfield>
  </datafield>
  <datafield tag="942" ind1=" " ind2=" ">
    <subfield code="2">ddc</subfield>
    <subfield code="c">DVD</subfield>
    <subfield code="k">791.4372 BLO</subfield>
  </datafield>
  <datafield tag="999" ind1=" " ind2=" ">
    <subfield code="c">18103</subfield>
    <subfield code="d">18075</subfield>
  </datafield>
  <datafield tag="952" ind1=" " ind2=" ">
    <subfield code="0">0</subfield>
    <subfield code="1">0</subfield>
    <subfield code="2">ddc</subfield>
    <subfield code="4">0</subfield>
    <subfield code="7">0</subfield>
    <subfield code="8">Baccah</subfield>
    <subfield code="a">MAIN</subfield>
    <subfield code="b">MAIN</subfield>
    <subfield code="c">2ND</subfield>
    <subfield code="d">2014-03-11</subfield>
    <subfield code="e">Purchase</subfield>
    <subfield code="g">159.00</subfield>
    <subfield code="l">0</subfield>
    <subfield code="o">791.4372 BLO</subfield>
    <subfield code="p">000035686</subfield>
    <subfield code="r">2022-08-24 00:00:00</subfield>
    <subfield code="v">198.75</subfield>
    <subfield code="y">CDVDMOV</subfield>
  </datafield>
</record>
